Statistics for Word Scramble - Oceania Capitals

Click here to take the quiz!

General Stats

  • This quiz has been taken 94 times
  • The average score is 12 of 14

Answer Stats

City% Correct
Apia
100%
Suva
100%
Wellington
92%
Funafuti
89%
Canberra
87%
Port Moresby
87%
Honiara
86%
Nuku'alofa
85%
Yaren
85%
Majuro
81%
Palikir
81%
Port Vila
78%
Ngerulmud
73%
South Tarawa
66%

Score Distribution

Percentile by Number Answered

Percent of People with Each Score

Your Score History

You have not taken this quiz